Structural change in employment pattern in Odisha: an analysis in the post reform period (Record no. 510987)

000 -LEADER
fixed length control field 00441nam a2200145 4500
008 - FIXED-LENGTH DATA ELEMENTS--GENERAL INFORMATION
fixed length control field 190905b ||||| |||| 00| 0 eng d
100 ## - MAIN ENTRY--PERSONAL NAME
Personal name Sahoo, Priyabrata
245 ## - TITLE STATEMENT
Title Structural change in employment pattern in Odisha: an analysis in the post reform period
260 ## - PUBLICATION, DISTRIBUTION, ETC. (IMPRINT)
Date of publication, distribution, etc 2019
300 ## - PHYSICAL DESCRIPTION
Extent p.96-103.
700 ## - ADDED ENTRY--PERSONAL NAME
Personal name Nayak, Ranjan Kumar
9 (RLIN) 9887
773 ## - HOST ITEM ENTRY
Main entry heading Productivity
906 ## - LOCAL DATA ELEMENT F, LDF (RLIN)
Subject DIP Employment - India - Odisha
942 ## - ADDED ENTRY ELEMENTS (KOHA)
Source of classification or shelving scheme
Item type Articles
Holdings
Withdrawn status Lost status Source of classification or shelving scheme Damaged status Not for loan Permanent location Current location Date acquired Serial Enumeration / chronology Barcode Date last seen Koha item type
          Indian Institute of Public Administration Indian Institute of Public Administration 2019-09-05 60(1), Apr-Jun, 2019: p.96-103. AR120794 2019-09-05 Articles

Powered by Koha